| 000 | 00774nam a2200181 i 4500 | ||
|---|---|---|---|
| 001 | 163474 | ||
| 003 | ES-MaACL | ||
| 005 | 20250822032223.0 | ||
| 008 | 050712s1870 fr | |||||||| ||fre d | ||
| 100 | 1 |
_aRibot, Théodule, _d1839-1916 _996838 |
|
| 245 | 1 | 3 |
_aLa psychologie anglaise contemporaine _b: (ecole expérimentale) / _cpar Th. Ribot. |
| 260 |
_aParis : _bLibrairie Philosophique de Ladrange, _c1870 ( _eSaint-Cloud : _fImp. de V. Belin) |
||
| 300 |
_a421 p. ; _c17 cm. |
||
| 505 | 8 | _aContiene: James Mill ; John Stuart Mill ; Herbert Spencer ; A. Bain ; Georges Lewes ; Samuel Bailey ; J.D. Morell ; J. Murphy. | |
| 650 | 7 |
_aPsicología experimental _2embne _916564 |
|
| 852 | 4 |
_aES-MaACL _jF-11490 _z- Enc. pasta española |
|
| 999 |
_c163474 _d163474 |
||